| 000 | 01016nam a2200253 a 4500 | ||
|---|---|---|---|
| 001 | BRCA_2207 | ||
| 005 | 20190320203720.0 | ||
| 008 | 970626s1996 it-a---##b---#000-0#ita-d | ||
| 020 | _a8878137383 | ||
| 040 |
_aNjP _cNjP _dDNGA |
||
| 050 | 4 |
_aND1460 _b.C56 1996 |
|
| 245 | 1 | 0 |
_aI Cinque Sensi Nell´Arte _bImmagini del Sentire _ca cura di Sylvia Ferino-Pagden. |
| 260 |
_a[Italy] _bLeonardo Arte _cc1996. |
||
| 300 |
_a351 p. _bil. (algunas a color) _c28 cm. |
||
| 500 | _aCatálogo de la exposición realizada en el Centro culturale ´Città di Cremona´, Santa Maria della Pietà, 21 septiembre, 1996 - 12 enero, 1997 | ||
| 500 | _aTítulo en el lomo : Immagini del Sentire | ||
| 504 | _aBibliografía: p. 335-351 | ||
| 650 | 1 | 4 |
_aSentidos en el arte _vExposiciones _96648 |
| 650 | 1 | 4 |
_aPintores europeos _xExposiciones. _ySiglo XVII _96649 |
| 650 | 1 | 4 |
_aPintores europeos _vExposiciones _ySiglo XVIII _96650 |
| 650 | 1 | 4 |
_aArte europeo _vExposiciones _96651 |
| 700 | 1 |
_aFerino-Pagden, Sylvia _96652 |
|
| 942 |
_2lcc _cB |
||
| 999 |
_c1963 _d1963 |
||